Главное о качестве: справочник от А до Я

Dettagli Bibliografici
Autore principale: РиВелл Дж. Б. Джек Б.
Riassunto:Книга представляет собой справочное пособие по теоретическим и практическим аспектам менеджмента качества, включая бенчмаркинг, кайдзен, планирование эксперимента, модель Кано, контроль воспроизводимости процессов, статистический контроль качества, изучение потребительского спроса. В ней содержится более 120 тематических статей, расположенных в алфавитном порядке, по проблемам непрерывного совершенствования предприятий и повышения качества их продукции. Справочник будет полезен как новичкам, так и профессионалам в области качества, а также всем менеджерам, которые стремятся быстро найти необходимые сведения об основных принципах менеджмента качества и использовать их на практике.
Lingua:russo
Pubblicazione: Москва, Стандарты и качество, 2006
Serie:Деловое совершенство
Soggetti:
Natura: Libro
KOHA link:https://koha.lib.tpu.ru/cgi-bin/koha/opac-detail.pl?biblionumber=131060

MARC

LEADER 00000nam0a2200000 4500
001 131060
005 20231101220300.0
010 |a 5949380479 
035 |a (RuTPU)RU\TPU\book\141944 
090 |a 131060 
100 |a 20080212d2006 km y0rusy50 ca 
101 1 |a rus  |c eng 
102 |a RU 
105 |a a g 001zy 
200 1 |a Главное о качестве  |e справочник от А до Я  |f Дж. Б. РиВелл 
210 |a Москва  |c Стандарты и качество  |d 2006 
215 |a 232 с.  |c ил. 
225 1 |a Деловое совершенство 
320 |a Глоссарий: с. 211-225. 
330 |a Книга представляет собой справочное пособие по теоретическим и практическим аспектам менеджмента качества, включая бенчмаркинг, кайдзен, планирование эксперимента, модель Кано, контроль воспроизводимости процессов, статистический контроль качества, изучение потребительского спроса. В ней содержится более 120 тематических статей, расположенных в алфавитном порядке, по проблемам непрерывного совершенствования предприятий и повышения качества их продукции. Справочник будет полезен как новичкам, так и профессионалам в области качества, а также всем менеджерам, которые стремятся быстро найти необходимые сведения об основных принципах менеджмента качества и использовать их на практике. 
606 1 |a Промышленная продукция  |x Качество  |2 stltpush  |3 (RuTPU)RU\TPU\subj\73587  |9 86511 
610 1 |a менеджмент 
610 1 |a бенчмаркинг 
610 1 |a кайзен 
610 1 |a планирование эксперимента 
610 1 |a статистический контроль 
610 1 |a потребительский спрос 
610 1 |a воспроизводимость 
610 1 |a справочники 
675 |a 658.562(035)  |v 3 
700 1 |a РиВелл  |b Дж. Б.  |g Джек Б. 
801 1 |a RU  |b 63413507  |c 20080212  |g PSBO 
801 2 |a RU  |b 63413507  |c 20141114  |g PSBO 
942 |c BK 
959 |a 13/20080212  |d 1  |e 295,00  |f ЧЗКДП:1